Przepisz znak - Statystyki

Ogólne statystyki
  • Ten quiz został rozwiązany 66 razy
  • Średni wynik to 13 z 100
Statystyki odpowiedzi
Znak Znak % Poprawnych
w w
100%
4 4
92%
p p
87%
q q
87%
1 1
85%
3 3
79%
n n
79%
j j
69%
5 5
67%
t t
67%
k k
62%
q q
56%
n n
54%
a a
46%
u u
41%
0 0
31%
b b
23%
g g
23%
s s
23%
x x
13%
0 0
10%
5 5
8%
a a
8%
c c
8%
o o
8%
3 3
3%
6 6
3%
8 8
3%
e e
3%
h h
3%
i i
3%
m m
3%
q q
3%
r r
3%
u u
3%
v v
3%
x x
3%
0 0
0%
0 0
0%
0 0
0%
0 0
0%
1 1
0%
1 1
0%
1 1
0%
2 2
0%
2 2
0%
3 3
0%
3 3
0%
4 4
0%
4 4
0%
5 5
0%
5 5
0%
7 7
0%
7 7
0%
8 8
0%
8 8
0%
9 9
0%
9 9
0%
a a
0%
a a
0%
a a
0%
b b
0%
c c
0%
c c
0%
d d
0%
d d
0%
d d
0%
e e
0%
f f
0%
f f
0%
g g
0%
g g
0%
g g
0%
h h
0%
h h
0%
i i
0%
j j
0%
k k
0%
l l
0%
l l
0%
m m
0%
n n
0%
n n
0%
o o
0%
o o
0%
p p
0%
q q
0%
r r
0%
r r
0%
s s
0%
t t
0%
u u
0%
v v
0%
v v
0%
w w
0%
x x
0%
x x
0%
y y
0%
y y
0%
z z
0%
Nie znaleziono quizów pasujących do podanych kryteriów
Rozkład punktacji
Procent ludzi z każdym wynikiem
Percentyl według liczby udzielonych odpowiedzi
Twoja historia wyników
Nie rozwiązałeś tego quizu